000 00225 a2200097 4500
001 54140
100 _aAslam Muhammad,Khawaja
245 _aIstilahat-e-Quran
260 _aLahore
_bFerozsons Ltd
_c1998
090 _c33751
_d33751
942 _aNUST-CAE
_cM
_c26393
999 _c289213
_d289213